000
00292nam a2200133Ia 4500
100
_a
SHARMA/P.C.
650
_a
PRODUCTION
942
_c
BK
245
_a
Text Book of Production Technology
260
_b
Tech-Max Publ.
_a
Pune
_c
2009
082
_a
671/SHA
300
_a
822
546
_a
ENGLISH
999
_c
33328
_d
33328